000
00204 a2200097 4500
001
25492
100
_a
Hassan Aftab
245
_a
Jareeda No 6
260
_a
_b
Karachi University
_c
090
_c
17216
_d
17216
942
_a
NUST-CAE
_c
M
_c
8021
999
_c
260565
_d
260565